0-100 in Alphabetical Order - Statistics

General Stats
  • This quiz has been taken 34 times
  • The average score is 71 of 101
Answer Stats
Answer % Correct
eight
100%
eighteen
100%
eighty
100%
eighty-eight
84%
eighty-five
84%
eighty-four
84%
eighty-nine
84%
eighty-one
84%
eighty-seven
84%
eighty-six
84%
eighty-three
79%
eighty-two
79%
fifteen
79%
fifty
79%
fifty-eight
79%
fifty-five
79%
fifty-four
79%
fifty-nine
79%
fifty-one
79%
fifty-seven
79%
fifty-six
79%
fifty-three
79%
fifty-two
79%
five
79%
eleven
74%
forty
74%
forty-eight
74%
forty-five
74%
forty-four
74%
forty-nine
74%
forty-one
74%
forty-seven
74%
forty-six
74%
forty-three
74%
forty-two
74%
four
74%
seven
74%
six
74%
sixteen
74%
sixty
74%
sixty-one
74%
sixty-three
74%
sixty-two
74%
thirty
74%
thirty-eight
74%
thirty-five
74%
thirty-four
74%
fourteen
68%
nine
68%
nineteen
68%
ninety
68%
ninety-eight
68%
ninety-five
68%
ninety-four
68%
ninety-nine
68%
ninety-one
68%
ninety-seven
68%
ninety-six
68%
one
68%
seventeen
68%
seventy
68%
seventy-eight
68%
seventy-five
68%
seventy-four
68%
seventy-nine
68%
seventy-one
68%
seventy-seven
68%
seventy-six
68%
seventy-three
68%
seventy-two
68%
sixty-eight
68%
sixty-five
68%
sixty-four
68%
sixty-nine
68%
sixty-seven
68%
sixty-six
68%
thirteen
68%
thirty-nine
68%
thirty-one
68%
thirty-seven
68%
thirty-six
68%
thirty-three
68%
thirty-two
68%
ninety-three
63%
ninety-two
63%
twenty
63%
twenty-eight
63%
twenty-five
63%
one hundred
58%
twenty-four
58%
twenty-nine
58%
twenty-one
58%
ten
53%
twenty-seven
53%
twenty-six
53%
twenty-three
53%
twenty-two
53%
two
53%
twelve
47%
three
42%
zero
42%
No matching quizzes found
Score Distribution
Percent of People with Each Score
Percentile by Number Answered
Your Score History
You have not taken this quiz